[Event "Marburg op-A"]
[Site "Marburg"]
[Date "2023.10.29"]
[Round "6"]
[White "Mader, Lena"]
[Black "Stepanjan, Marianne"]
[Result "1-0"]
[WhiteElo "1841"]
[BlackElo "1632"]
[PlyCount "105"]
[EventDate "2023.10.26"]
[EventType "swiss"]
[EventRounds "7"]
[EventCountry "GER"]
[SourceTitle "CB49_2023"]
[SourceDate "2023.12.06"]
[SourceVersion "1"]
[SourceVersionDate "2023.12.06"]
[SourceQuality "1"]

1. c4 Nf6 2. g3 g6 3. Bg2 Bg7 4. Nf3 0-0 5. 0-0 d6 6. Nc3 e5 7. d3 c6 8. Rb1 Nbd7 9. e4 Nc5 10. Re1 Ne6 11. d4 exd4 12. Nxd4 Nxd4 13. Qxd4 Nd5 14. Qd3 Nxc3 15. bxc3 Qa5 16. Be3 Qxc3 17. Qxc3 Bxc3 18. Red1 Rd8 19. c5 d5 20. exd5 cxd5 21. Bxd5 Kg7 22. Kg2 Be5 23. Bf3 Rxd1 24. Rxd1 Rb8 25. Rb1 Bc7 26. Bd4+ Kg8 27. Bd5 b6 28. Re1 Kf8 29. Bf6 Be6 30. Bxe6 fxe6 31. Rxe6 bxc5 32. Rc6 Bb6 33. Be5 Rd8 34. Bd6+ Kf7 35. Bxc5 Bxc5 36. Rxc5 Rd7 37. a4 Ke6 38. h4 Kd6 39. Rb5 Kc6 40. h5 a6 41. Rg5 Rd5 42. Rxd5 Kxd5 43. hxg6 hxg6 44. f4 Ke4 45. Kf2 a5 46. Ke2 Kd4 47. Kf3 Kc4 48. g4 Kb4 49. f5 gxf5 50. gxf5 Kc5 51. Kf4 Kd6 52. Kg5 Ke7 53. Kg6 1-0

[Event "World-chT Rapid"]
[Site "Dusseldorf"]
[Date "2023.08.27"]
[Round "7.17"]
[White "Bohatyrova, Mariia"]
[Black "Mader, Lena"]
[Result "0-1"]
[WhiteElo "1398"]
[BlackElo "1841"]
[PlyCount "109"]
[EventDate "2023.08.26"]
[EventType "team-swiss (rapid)"]
[EventRounds "12"]
[EventCountry "GER"]
[SourceTitle "CBM 215 Extra"]
[Source "ChessBase"]
[SourceDate "2023.09.30"]
[SourceVersion "1"]
[SourceVersionDate "2023.09.30"]
[SourceQuality "1"]
[WhiteTeam "Deutsche Schachjugend II"]
[BlackTeam "Neustadt Weinstrasse"]
[WhiteTeamCountry "GER"]
[BlackTeamCountry "GER"]

1. e4 c6 2. d4 d5 3. exd5 cxd5 4. Nf3 Nc6 5. c4 Nf6 6. Nc3 g6 7. Be3 Bg7 8. Be2 0-0 9. 0-0 h6 10. Re1 Be6 11. b3 Bf5 12. Rc1 Rc8 13. h3 Kh7 14. Bd3 Bxd3 15. Qxd3 e6 16. a3 Na5 17. c5 Nxb3 18. Rb1 Na5 19. Bd2 b6 20. cxb6 axb6 21. Na4 Nc4 22. Rec1 Ra8 23. Nc3 Rxa3 24. Nb5 Rxd3 25. Bb4 Re8 26. Ne1 Ne4 27. Nxd3 Ned2 28. Bxd2 Nxd2 29. Rb2 Nc4 30. Rbc2 Qh4 31. Ne5 Bxe5 32. dxe5 Qg5 33. Nd6 Nxd6 34. exd6 Rd8 35. Rc7 Qxc1+ 36. Rxc1 Rxd6 37. Rc7 Kg7 38. Kf1 d4 39. Ke2 e5 40. Kd3 e4+ 41. Kd2 Kf6 42. g3 Ke6 43. Ke2 f5 44. Rg7 Kd5 45. Rc7 b5 46. Rb7 Kc4 47. Rc7+ Kb3 48. Rc5 b4 49. Rc1 Kb2 50. Rc4 d3+ 51. Kd2 b3 52. Rc3 Rb6 53. Rc4 Ra6 54. Rc5 Ka2 55. Rb5 0-1

[Event "World-chT Rapid"]
[Site "Dusseldorf"]
[Date "2023.08.27"]
[Round "5.16"]
[White "Mader, Lena"]
[Black "Giebel, Christine"]
[Result "1-0"]
[WhiteElo "1841"]
[BlackElo "1830"]
[PlyCount "41"]
[EventDate "2023.08.26"]
[EventType "team-swiss (rapid)"]
[EventRounds "12"]
[EventCountry "GER"]
[SourceTitle "CBM 215 Extra"]
[Source "ChessBase"]
[SourceDate "2023.09.30"]
[SourceVersion "1"]
[SourceVersionDate "2023.09.30"]
[SourceQuality "1"]
[WhiteTeam "Neustadt Weinstrasse"]
[BlackTeam "Magdeburg and Friends"]
[WhiteTeamCountry "GER"]
[BlackTeamCountry "GER"]

1. c4 Nf6 2. g3 g6 3. Bg2 Bg7 4. Nf3 d6 5. Nc3 Nbd7 6. 0-0 0-0 7. Rb1 e5 8. d3 Re8 9. Qc2 Nf8 10. b4 c6 11. Bb2 Qc7 12. Rfc1 Bd7 13. a4 Rad8 14. b5 Ne6 15. Ba3 Nc5 16. bxc6 bxc6 17. Bxc5 dxc5 18. Rb3 Rb8 19. Rcb1 Rb6 20. Nd2 a5 21. Rxb6 1-0

[Event "GER-ch Rapid (Women)"]
[Site "Goettingen"]
[Date "2022.09.25"]
[Round "7"]
[White "Mader, Lena"]
[Black "Schulze, Lara"]
[Result "0-1"]
[WhiteElo "1795"]
[BlackElo "2288"]
[PlyCount "72"]
[EventDate "2022.09.24"]
[EventType "swiss (rapid)"]
[EventRounds "9"]
[EventCountry "GER"]
[SourceTitle "CBM 210 Extra"]
[Source "ChessBase"]
[SourceDate "2022.11.30"]
[SourceVersion "1"]
[SourceVersionDate "2022.11.30"]
[SourceQuality "1"]

1. c4 e5 2. g3 c6 3. d4 e4 4. Nc3 d5 5. cxd5 cxd5 6. Bg2 Nf6 7. Bg5 Nbd7 8. e3 Bd6 9. Nge2 h6 10. Bxf6 Nxf6 11. 0-0 0-0 12. a3 Be6 13. Nb5 Bb8 14. Rc1 Qd7 15. Nbc3 Bg4 16. Qd2 Bf3 17. h3 h5 18. Nf4 h4 19. Bxf3 exf3 20. Kh2 g5 21. Nd3 Ne4 22. Nxe4 dxe4 23. Nc5 Qd5 24. Qc2 Re8 25. Qc4 Qd6 26. Rg1 g4 27. Nxe4 Rxe4 28. Qc8+ Kg7 29. Qxb7 hxg3+ 30. Rxg3 Qe7 31. Qxa8 Bxg3+ 32. Kg1 Bxf2+ 33. Kxf2 Qh4+ 34. Kg1 Qg3+ 35. Kf1 Qg2+ 36. Ke1 Qe2# 0-1

[Event "GER-chT Federal Cup (Women)"]
[Site "Braunfels"]
[Date "2022.06.19"]
[Round "5.34"]
[White "Mader, Lena"]
[Black "Wagner, Victoria"]
[Result "1-0"]
[WhiteElo "1789"]
[BlackElo "1806"]
[PlyCount "118"]
[EventDate "2022.06.15"]
[EventType "team-swiss"]
[EventRounds "5"]
[EventCountry "GER"]
[SourceTitle "EXT 2023"]
[Source "ChessBase"]
[SourceDate "2022.10.05"]
[SourceVersion "1"]
[SourceVersionDate "2022.10.05"]
[SourceQuality "1"]

1. c4 e6 2. g3 d5 3. Bg2 Nf6 4. Nf3 Be7 5. b3 d4 6. 0-0 0-0 7. Bb2 Nc6 8. e3 e5 9. exd4 exd4 10. d3 Bf5 11. a3 a5 12. Re1 Qd7 13. Qc2 Rad8 14. Nbd2 Bc5 15. Ne5 Nxe5 16. Rxe5 b6 17. Rae1 Bd6 18. R5e2 c5 19. Bc1 Rfe8 20. Ne4 Bxe4 21. Bxe4 Nxe4 22. Rxe4 f5 23. Rxe8+ Rxe8 24. Qd1 Re6 25. Kg2 Qb7+ 26. f3 Qe7 27. Kf2 f4 28. Re4 Rxe4 29. fxe4 Qg5 30. Kg2 f3+ 31. Kf2 Qh5 32. h4 Bxg3+ 33. Kxg3 Qg6+ 34. Bg5 h6 35. Qxf3 hxg5 36. h5 Qf6 37. Qf5 Qd6+ 38. e5 Qc6 39. Qf3 Qe8 40. Qd5+ Kh7 41. Kg4 a4 42. bxa4 Qxa4 43. Kxg5 Qxa3 44. Qe4+ Kh8 45. Kg6 Qa1 46. Qg4 Qa8 47. Qf5 Qg2+ 48. Kf7 Qb7+ 49. Ke8 Qb8+ 50. Kd7 b5 51. cxb5 Qxb5+ 52. Kd6 c4 53. dxc4 Qxc4 54. e6 Qa6+ 55. Ke5 d3 56. e7 Qa5+ 57. Ke6 Qe1+ 58. Qe5 d2 59. e8Q+ Kh7 1-0

[Event "GER-chT Federal Cup (Women)"]
[Site "Braunfels"]
[Date "2022.06.17"]
[Round "2.26"]
[White "Mader, Lena"]
[Black "Braeutigam, Irina"]
[Result "0-1"]
[WhiteElo "1789"]
[BlackElo "2013"]
[PlyCount "84"]
[EventDate "2022.06.15"]
[EventType "team-swiss"]
[EventRounds "5"]
[EventCountry "GER"]
[SourceTitle "EXT 2023"]
[Source "ChessBase"]
[SourceDate "2022.10.05"]
[SourceVersion "1"]
[SourceVersionDate "2022.10.05"]
[SourceQuality "1"]

1. c4 e5 2. g3 Nc6 3. Bg2 g6 4. Nc3 Bg7 5. Nf3 d6 6. d3 f5 7. Rb1 a5 8. a3 Nf6 9. 0-0 0-0 10. b4 axb4 11. axb4 Qe8 12. b5 Nd8 13. Qb3 Kh8 14. e3 Ne6 15. Bb2 g5 16. Nd2 f4 17. exf4 gxf4 18. Nd5 Qh5 19. Nxf6 Rxf6 20. Qd1 Qg6 21. Nf3 Rf8 22. Ra1 Rxa1 23. Bxa1 Nc5 24. d4 exd4 25. Bxd4 Bg4 26. h3 Be6 27. g4 Bxc4 28. Re1 Be6 29. Bxc5 dxc5 30. Ne5 Qg5 31. Nd7 Re8 32. h4 Qxh4 33. Nxc5 Rd8 34. Qf3 Bxg4 35. Qxf4 Rf8 36. Qe3 b6 37. Nd3 Bd7 38. Rb1 Bd4 39. Qd2 Bf5 40. Rb2 Bxd3 41. Rb4 Bxf2+ 42. Qxf2 Qxf2+ 0-1

[Event "GER-chT Federal Cup (Women)"]
[Site "Braunfels"]
[Date "2021.10.24"]
[Round "5.34"]
[White "Mader, Lena"]
[Black "Albayrak, Nese Pinar"]
[Result "1-0"]
[WhiteElo "1799"]
[BlackElo "1566"]
[PlyCount "105"]
[EventDate "2021.10.19"]
[EventType "team-tourn"]
[EventRounds "5"]
[EventCountry "GER"]
[SourceTitle "CBM 204 Extra"]
[Source "ChessBase"]
[SourceDate "2021.11.30"]
[SourceVersion "1"]
[SourceVersionDate "2021.11.30"]
[SourceQuality "1"]

1. c4 Nf6 2. g3 g6 3. Bg2 Bg7 4. Nf3 0-0 5. Nc3 d6 6. 0-0 e5 7. d3 Nbd7 8. Rb1 a5 9. a3 c6 10. b4 Re8 11. Nd2 Nb6 12. Qb3 axb4 13. axb4 d5 14. b5 d4 15. Nd1 c5 16. h3 Qc7 17. Kh2 Bf5 18. Qc2 Nc8 19. f3 Nd6 20. Nf2 Bd7 21. Nde4 Ndxe4 22. Nxe4 Nh5 23. b6 Qc6 24. f4 exf4 25. Bxf4 Nxf4 26. Rxf4 Bf5 27. Rf2 Ra6 28. Qb2 Rea8 29. Ng5 Qd7 30. Qb5 Qe7 31. h4 Ra5 32. Qb3 Ra3 33. Qd1 Ra2 34. Ne4 Bd7 35. Ng5 Bf5 36. Qf1 h6 37. Nh3 Rc2 38. e4 Rxf2 39. Qxf2 Bd7 40. Nf4 Bc6 41. Nd5 Qd8 42. Rf1 Bxd5 43. exd5 Qd7 44. Qf4 Rc8 45. Bh3 f5 46. Re1 Kh7 47. Re6 Qf7 48. Bg2 Re8 49. Qd6 Bf8 50. Qc7 Kg8 51. Rxe8 Qxe8 52. d6 Qe6 53. Bd5 1-0

[Event "GER-ch Blitz (Women)"]
[Site "Magdeburg"]
[Date "2021.08.01"]
[Round "19"]
[White "Mader, Lena"]
[Black "Paehtz, Elisabeth"]
[Result "0-1"]
[WhiteElo "1807"]
[BlackElo "2466"]
[PlyCount "61"]
[EventDate "2021.08.01"]
[EventType "tourn (blitz)"]
[EventRounds "21"]
[EventCountry "GER"]
[SourceTitle "CBM 203 Extra"]
[Source "ChessBase"]
[SourceDate "2021.09.30"]
[SourceVersion "1"]
[SourceVersionDate "2021.09.30"]
[SourceQuality "1"]

1. c4 b6 2. Nc3 Bb7 3. Nf3 e6 4. d3 Nf6 5. g3 d5 6. cxd5 exd5 7. d4 a6 8. Bg2 Bd6 9. 0-0 0-0 10. Bg5 h6 11. Bxf6 Qxf6 12. e3 Nd7 13. Rc1 Qe6 14. a3 Nf6 15. Qd2 Rad8 16. Rc2 Ne4 17. Qe2 Nf6 18. Rfc1 Rfe8 19. b4 Re7 20. Ra1 g6 21. b5 a5 22. a4 Kg7 23. Rac1 Qf5 24. Nh4 Qd7 25. Qd3 Ne4 26. Nf3 Rde8 27. Qe2 Nf6 28. Qd3 h5 29. Qe2 Ba3 30. Rb1 Bb4 31. Qd3 0-1

[Event "GER-ch (Women)"]
[Site "Magdeburg"]
[Date "2021.07.29"]
[Round "6"]
[White "Zimmer, Elke"]
[Black "Mader, Lena"]
[Result "1-0"]
[WhiteElo "1910"]
[BlackElo "1831"]
[PlyCount "121"]
[EventDate "2021.07.25"]
[EventType "swiss"]
[EventRounds "9"]
[EventCountry "GER"]
[SourceTitle "CBM 203 Extra"]
[Source "ChessBase"]
[SourceDate "2021.09.30"]
[SourceVersion "1"]
[SourceVersionDate "2021.09.30"]
[SourceQuality "1"]

1. e4 c6 2. d4 d5 3. exd5 cxd5 4. Bd3 Nc6 5. c3 Nf6 6. Bf4 g6 7. Nd2 Bg7 8. Ngf3 0-0 9. h3 a6 10. Ne5 Be6 11. Nxc6 bxc6 12. Be5 Nd7 13. Bxg7 Kxg7 14. 0-0 Qb6 15. b4 a5 16. a3 Ra7 17. Nb3 axb4 18. axb4 Rfa8 19. Rxa7 Rxa7 20. Qc2 Qc7 21. f4 Nf6 22. Nc5 Bc8 23. Qd2 Nd7 24. Nb3 Ba6 25. Bxa6 Rxa6 26. Qe2 Ra3 27. Qb2 Ra7 28. g3 Nb6 29. Na5 Qd7 30. Kg2 Nc8 31. Re1 Nd6 32. Qe2 Ne4 33. c4 e6 34. Qc2 Rc7 35. Nb3 Ra7 36. Na5 Rc7 37. c5 Qc8 38. Qd3 Ra7 39. Re2 Qc7 40. Kf3 f5 41. Ra2 Kf6 42. h4 h6 43. Rh2 h5 44. Rh1 Kf7 45. Ra1 Kf6 46. Kg2 Kf7 47. b5 cxb5 48. Qxb5 Nd2 49. Qb6 Ne4 50. Rb1 Nc3 51. Rb2 Na4 52. Qxc7+ Rxc7 53. Rb3 Ke7 54. Kf2 Kd7 55. Ke3 Ra7 56. Nb7 Kc6 57. Nd8+ Kd7 58. Nf7 Ke7 59. Ne5 Kf6 60. Kd2 Kg7 61. c6 1-0

[Event "GER-ch rapid (Women) 46th"]
[Site "Plochingen"]
[Date "2020.09.20"]
[Round "7"]
[White "Frey, Alisa"]
[Black "Mader, Lena"]
[Result "1-0"]
[WhiteElo "2087"]
[BlackElo "1839"]
[PlyCount "79"]
[EventDate "2020.09.19"]
[EventType "swiss (rapid)"]
[EventRounds "9"]
[EventCountry "GER"]
[SourceTitle "CBM 198 Extra"]
[Source "ChessBase"]
[SourceDate "2020.11.30"]
[SourceVersion "1"]
[SourceVersionDate "2020.11.30"]
[SourceQuality "1"]

1. e4 c6 2. d4 d5 3. Nc3 dxe4 4. Nxe4 Nf6 5. Nxf6+ exf6 6. Bc4 Bd6 7. Ne2 0-0 8. 0-0 Bf5 9. Ng3 Bg6 10. f4 b5 11. Bb3 f5 12. a4 Nd7 13. Qf3 Nf6 14. Qxc6 bxa4 15. Rxa4 Bc7 16. c3 Bb6 17. Bc2 Rc8 18. Qf3 Qd7 19. Ra1 Bxd4+ 20. cxd4 Rxc2 21. Qd3 Rfc8 22. Ne2 Ne4 23. Nc3 R8xc3 24. bxc3 Rxc3 25. Qd1 h5 26. Qa4 Qe6 27. Qxa7 h4 28. Qb8+ Kh7 29. Ra8 Kh6 30. Qe5 Qc4 31. Bb2 Rc2 32. Rh8+ Bh7 33. Qxf5 g6 34. Qxe4 Rxb2 35. f5 Re2 36. Qxh4+ Kg7 37. Qxh7+ Kf6 38. fxg6+ Ke7 39. Qxf7+ Kd6 40. Qxc4 1-0

[Event "GER-ch Blitz (Women)"]
[Site "Magdeburg"]
[Date "2020.08.15"]
[Round "4"]
[White "Braun, Kristin"]
[Black "Mader, Lena"]
[Result "0-1"]
[WhiteElo "1918"]
[BlackElo "1839"]
[PlyCount "49"]
[EventDate "2020.07.28"]
[EventType "tourn (blitz)"]
[EventRounds "29"]
[EventCountry "GER"]
[SourceTitle "EXT 2021"]
[Source "ChessBase"]
[SourceDate "2020.10.23"]
[SourceVersion "1"]
[SourceVersionDate "2020.10.23"]
[SourceQuality "1"]

1. e4 c5 2. Nf3 d6 3. d4 cxd4 4. Bc4 e6 5. 0-0 Nf6 6. Qe2 Be7 7. Nxd4 0-0 8. h3 a6 9. a4 Nbd7 10. Rd1 Qc7 11. Nc3 Ne5 12. Bb3 Nc6 13. Be3 Bd7 14. Nxc6 Bxc6 15. a5 Rac8 16. Bb6 Qb8 17. Ba4 Bd8 18. Bxd8 Rfxd8 19. Bxc6 Rxc6 20. Na4 Qc7 21. Nc3 h6 22. Rd2 Rc5 23. Rad1 Ne8 24. Qg4 Rg5 25. Qf4 0-1